Statistics for Top 15 Countries with Covid-19 Deaths - 31 August

Click here to take the quiz!

General Stats

  • This quiz has been taken 14 times
  • The average score is 14 of 19

Answer Stats

country% Correct
France
100%
Italy
100%
Spain
100%
United States
100%
Brazil
92%
India
92%
Russia
92%
United Kingdom
92%
Mexico
85%
Iran
69%
Sweden
69%
Colombia
62%
Ecuador
62%
Peru
62%
Belgium
54%
Chile
54%
Panama
54%
South Africa
46%
Bolivia
31%

Score Distribution

Percentile by Number Answered

Percent of People with Each Score

Your Score History

You have not taken this quiz